| 000 | 00472nam a2200133Ia 4500 | ||
|---|---|---|---|
| 008 | 250506s9999 xx 000 0 und d | ||
| 024 | _a08B-160-EE, 09B-71-EE, 09B-72-EE, 09B-83-EE & 09B-97-EE | ||
| 082 | _a629.1331352072 UMA | ||
| 100 | _aKashan Shamsi, M. Zain ul Abdin, Umer Malik, M. Umair Ahmed & Ahad Habib | ||
| 245 | 0 | _aSemi Autonomous Quadcopter | |
| 260 |
_aKarachi: _bUIT, _c2009 |
||
| 600 | _aElectronic Engineering | ||
| 650 | _aBachelor of Engineering (BE) | ||
| 999 |
_c27988 _d27988 |
||